000 00996nam0a22003131 4500
001 2570766
005 20250622224301.0
021 _aRU
_b78-79488
035 _a(NLR Aleph) 006454676
090 _a5774158
_c5774158
100 _a20110316d1978 |||y0rusy50 ca
101 1 _arus
_aeng
_crus
102 _aRU
105 _aa z |||||
200 1 _aThe church at Tekor and the history of its construction
_fAnatoly Vysotsky
210 _aYerevan
_cБ. и.
_d1978
215 _a13 с.
_cил.
_d20
225 1 _aII Intern. symposium on Armenian art. [Reports
_v109]
300 _aВ надзаг.: Acad. of sciences of Armenian SSR. Inst. of arts
686 _aН716.6-00(5Ту)42,0
_2rubbk
686 _aН0(5Ту)92Дигор716.6,0
_2rubbk
686 _aН0(2Ар)42-18,0
_2rubbk
700 1 _aВысоцкий
_bА.
_gАнатолий
801 0 _aRU
_bNLR
_gpsbo
801 1 _aRU
_bELAR
_2rusmarc
852 _aNLR
_jDesideratum
899 _aRuMoRGB
_jИн 78-2/201
942 _cBOOK
980 _aNB